000 00311nam a2200133Ia 4500
008 100328s9999 xx 000 0 und d
082 _b49303
100 _aकरंदीकर सुमा
245 _aरास.
260 _bमौज
630 _aरास.
730 _aरास.
942 _cBOOK
999 _c536725
_d536722